| 000 | 00367nam a22001457a 4500 | ||
|---|---|---|---|
| 040 | _cNUST | ||
| 082 |
_a604.2 _bBER |
||
| 100 |
_aBertoline, Gray R. _9122167 |
||
| 245 |
_aFundamentals of graphics communication/ _cGray R. Bertoline |
||
| 250 | _aSixth Edition | ||
| 260 |
_aNew York : _bMc Graw Hill; _c2007. |
||
| 300 | _a684p. | ||
| 500 | _aHB | ||
| 942 |
_2ddc _cBK |
||
| 999 |
_c608704 _d608704 |
||